| 000 | 00798nam a22002417a 4500 | ||
|---|---|---|---|
| 003 | OSt | ||
| 005 | 20251007020614.0 | ||
| 008 | 251007b |||||||| |||| 00| 0 eng d | ||
| 020 | _a0-7817-6263-4. | ||
| 040 |
_aDWCL-Admin lib _cOC |
||
| 082 |
_28th ed. _aCirc. 615.58 Ab161c 2007 |
||
| 100 | _aAbrams, Anne Collins | ||
| 245 |
_aClinical drug therapy : rationales for nursing practice _cAnne Collins Abrams |
||
| 260 |
_aPhiladelphia : _bLippincot Williams and Wilkins, _cc2007 |
||
| 300 |
_axii, 1140 p. : il. ; _e28 cm. + 1CD-ROM |
||
| 504 | _aIncludes bibligraphical references & index. | ||
| 650 | _a1. Chemotheraphy. | ||
| 650 | _a2. Drugs | ||
| 650 | _a3. Nursing. | ||
| 700 | _aLammon, Carol Barnett | ||
| 700 | _aPennington, Sandra Smith | ||
| 942 |
_2ddc _cBK-CIRC _e8th ed. _kCirc. _n0 |
||
| 999 |
_c4668 _d4668 |
||